000 00536nam a2200229Ia 4500
005 20250425161903.0
008 250425s9999 xx 000 0 und d
020 _a8403201397
041 _aspa
082 _a530
100 _aFRANCIS W. SEARS, MARK W. ZEMANSKY
245 0 _aFISICA GENERAL
250 _a5A ED.
260 _aEspaƱa
_bAGUILAR, S.A. DE EDICIONES
_c1979
260 _aMADRID
300 _a1023
650 _aFISICA
650 _aPOLARIZACION
650 _aTERMODINAMICA
942 _c01
010 _a33864
999 _c218143
_d218143